书目信息 |
| 题名: |
维也纳
|
|
| 作者: | 路易斯·詹姆斯 著 | |
| 分册: | ||
| 出版信息: | 北京 中华书局 1999 |
|
| 页数: | 192页 | |
| 开本: | 19厘米 | |
| 丛书名: | 世界旅游指南 | |
| 单 册: | ||
| 中图分类: | K954.69 | |
| 科图分类: | ||
| 主题词: | 维也纳--旅游指南 | |
| 电子资源: | ||
| ISBN: | 7-101-02149-2 | |
| 000 | 00660nam 2200229 45 | |
| 001 | 0191010785 | |
| 005 | 20070620150227.81 | |
| 010 | @a7-101-02149-2@dCNY25.00 | |
| 100 | @a19910514d1999 em y0chiy0121 ea | |
| 101 | 0 | @achi |
| 102 | @aCN@b110000 | |
| 105 | @af z 000yy | |
| 200 | 10 | @a维也纳@AWEI YE NA@f(英)路易斯·詹姆斯著@F(ying)lu yi si·zhan mu si zhu |
| 210 | @a北京@c中华书局@d1999 | |
| 215 | @a192页@c照片@d19厘米 | |
| 225 | 2 | @a世界旅游指南 |
| 410 | 0 | @12001 @a世界旅游指南 |
| 606 | @y维也纳@x旅游指南 | |
| 690 | @aK954.69 | |
| 701 | 0 | @a路易斯·詹姆斯@Alu yi si·zhan mu si@4著 |
| 801 | 0 | @aCN@bTSSF@c20070620 |
| 905 | @a10447@dK954.69@e172 | |
| 维也纳/(英)路易斯·詹姆斯著.-北京:中华书局,1999 |
| 192页:照片;19厘米.-(世界旅游指南) |
| ISBN 7-101-02149-2:CNY25.00 |
| ● |
| 相关链接 |
|
|
|
|
正题名:维也纳
索取号:K954.69/172
 
预约/预借
| 序号 | 登录号 | 条形码 | 馆藏地/架位号 | 状态 | 备注 |
| 1 | 0655033 | 206550338 | 第二样本阅览室/ [索取号:K954.69/172] | 在馆 | |
| 2 | 0655034 | 206550347 | 密集书库/ [索取号:K954.69/172] | 在馆 | |
| 3 | 0655035 | 206550356 | 密集书库/ [索取号:K954.69/172] | 在馆 | |
| 4 | 0655036 | 206550365 | 密集书库/ [索取号:K954.69/172] | 在馆 | |
| 5 | 0655037 | 206550374 | 密集书库/ [索取号:K954.69/172] | 在馆 | |
| 6 | 0655038 | 206550383 | 库房3/ [索取号:K954.69/172] | 在馆 | |
| 7 | 0655039 | 206550392 | 库房3/ [索取号:K954.69/172] | 在馆 | |
| 8 | 0655040 | 206550409 | 库房3/ [索取号:K954.69/172] | 在馆 | |
| 9 | 0655041 | 206550418 | 库房3/ [索取号:K954.69/172] | 在馆 |